000
00256nam a22001097a 4500
008
170110b xxu||||| |||| 00| 0 eng d
020
_a
9781933107707
041
_a
eng
080
_2
7TH
_a
618.2
245
_a
MENTAL HEALTH NURSING
_c
PLATT, D
942
_2
udc
_c
BK
999
_c
2636
_d
2636